| 000 | 00811 a2200205 4500 | ||
|---|---|---|---|
| 003 | Nust | ||
| 005 | 20230125094731.0 | ||
| 010 | _a 93930592 | ||
| 020 | _a969816202X : | ||
| 040 | _cNust | ||
| 082 | 0 | 0 | _a891.42099,JAV |
| 100 | 1 |
_aJaveid, Inamul Haq, _966917 |
|
| 245 | 1 | 0 |
_aPakistan in Punjabi literature / _cInamul Haq Javeid. |
| 250 | _a1st ed. | ||
| 260 |
_aIslamabad : _bMaktaba-i-Fanoos, _c1993. |
||
| 300 |
_a120 p. ; _c22 cm. |
||
| 505 | _aBefore and after the Glorious (Page-13), Nation at war (1965-1971) (Page-39), Significant dates Heroes Flag and other topics (Page-63), General Trends (Page-83), The Patriotic Element in Literature (Page-99), Conclusion (Page-113), Bibliography (Page-117). | ||
| 650 | 0 |
_aPanjabi literature _y20th century _xHistory and criticism. _916856 |
|
| 942 |
_2ddc _cBK |
||
| 999 |
_c186083 _d186083 |
||